|
|
|
|
| LEADER |
00000nmm a2200000 c 4500 |
| 001 |
1935343912 |
| 003 |
DE-627 |
| 005 |
20250905111435.0 |
| 007 |
cr uuu---uuuuu |
| 008 |
250905s2019 xx |o | ger c |
| 024 |
7 |
|
|a 10.4232/1.13287
|2 doi
|
| 035 |
|
|
|a (DE-627)1935343912
|
| 035 |
|
|
|a (DE-599)KXP1935343912
|
| 040 |
|
|
|a DE-627
|b ger
|c DE-627
|e rda
|
| 041 |
|
|
|a ger
|
| 084 |
|
|
|a 2,1
|2 ssgn
|
| 100 |
1 |
|
|a Boers, Klaus
|d 1953-
|e VerfasserIn
|0 (DE-588)11548325X
|0 (DE-627)077280113
|0 (DE-576)168324253
|4 aut
|
| 109 |
|
|
|a Boers, Klaus 1953-
|
| 245 |
1 |
0 |
|a Kriminalität in der modernen Stadt
|b eine Längsschnittuntersuchung zur Delinquenz von jungen Menschen in Münster - Panelstudie mit 4 Wellen (2000-2003)
|c Boers, Klaus, Reinecke, Jost
|
| 264 |
|
1 |
|a Köln
|b GESIS
|c 2019
|
| 300 |
|
|
|a Online-Ressource
|
| 336 |
|
|
|a Text
|b txt
|2 rdacontent
|
| 336 |
|
|
|a Computerdaten
|b cod
|2 rdacontent
|
| 337 |
|
|
|a Computermedien
|b c
|2 rdamedia
|
| 338 |
|
|
|a Online-Ressource
|b cr
|2 rdacarrier
|
| 500 |
|
|
|a Gesehen am 05.09.2025
|
| 500 |
|
|
|a Datenfile Version 1.0.0
|
| 520 |
|
|
|a Opferwerdung, selbstberichtete Delinquenz, Erziehungsstile, Konfliktverhalten, Kriminalitätseinstellungen, Lebens-, Freizeit- und Konsumstile
|
| 650 |
|
4 |
|a Soziales Verhalten und soziale Einstellungen
|
| 650 |
|
4 |
|a Kriminalität und Gesetzesvollzug
|
| 655 |
|
7 |
|a Forschungsdaten
|0 (DE-588)1098579690
|0 (DE-627)857755366
|0 (DE-576)469182156
|2 gnd-content
|
| 700 |
1 |
|
|a Reinecke, Jost
|d 1957-
|e VerfasserIn
|0 (DE-588)130072915
|0 (DE-627)489617573
|0 (DE-576)168430533
|4 aut
|
| 787 |
0 |
8 |
|i Forschungsdaten zu
|t Delinquenz im Jugendalter
|d Münster : Waxmann, 2007
|h V, 404 S.
|w (DE-627)539612782
|w (DE-576)271098724
|z 3830917694
|z 9783830917694
|
| 856 |
4 |
0 |
|u https://doi.org/10.4232/1.13287
|x Resolving-System
|7 1
|
| 951 |
|
|
|a BO
|
| ELC |
|
|
|a 1
|
| LOK |
|
|
|0 000 xxxxxcx a22 zn 4500
|
| LOK |
|
|
|0 001 4768912737
|
| LOK |
|
|
|0 003 DE-627
|
| LOK |
|
|
|0 004 1935343912
|
| LOK |
|
|
|0 005 20250905111435
|
| LOK |
|
|
|0 008 250905||||||||||||||||ger|||||||
|
| LOK |
|
|
|0 040
|a DE-2619
|c DE-627
|d DE-2619
|
| LOK |
|
|
|0 092
|o n
|
| LOK |
|
|
|0 852
|a DE-2619
|
| LOK |
|
|
|0 852 1
|9 00
|
| LOK |
|
|
|0 935
|a foda
|
| LOK |
|
|
|0 939
|a 05-09-25
|b l01
|
| ORI |
|
|
|a SA-MARC-krimdoka001.raw
|